| 000 | 00472nam a2200157Ia 4500 | ||
|---|---|---|---|
| 005 | 20250508155947.0 | ||
| 008 | 008 250505s9999 xx 000 0 eng d | ||
| 037 | _aBooks to be hide in OPAC | ||
| 040 |
_aFEDL _beng _cFEDL |
||
| 041 |
_aeng _2eng |
||
| 084 |
_a379.541 3, ORI/O _qFEDL |
||
| 245 | 0 | _aReport on the progress of education in Orissa for the year 1937-38 | |
| 300 | _aii,47p. | ||
| 942 |
_cHB _h379.541 3, ORI/O |
||
| 999 |
_c1360455 _d1360455 |
||